|
|
|
|
| LEADER |
00769nam a22002292a 4500 |
| 001 |
000807408 |
| 003 |
CZ BrMZK |
| 005 |
20140806101326.0 |
| 007 |
ta |
| 008 |
060131s1959 xr er|||||||||||cze d |
| 015 |
|
|
|a cnb000684792
|
| 040 |
|
|
|a ABA001
|b cze
|c ULG001
|d BOA001
|
| 100 |
1 |
|
|a Šustr, Vladimír,
|d 1913-1987
|7 jk01131762
|4 aut
|
| 245 |
1 |
0 |
|a Jasava /
|c Vladimír Šustr
|
| 250 |
|
|
|a 1. vyd.
|
| 260 |
|
|
|a Praha :
|b Státní nakladatelství dětské knihy,
|c 1959
|
| 300 |
|
|
|a 94 s.
|
| 910 |
|
|
|a BOA001
|b 2-0429.376
|b PK-0023.264
|
| 990 |
|
|
|a BK
|
| 991 |
|
|
|b 201407
|
| 996 |
6 |
|
|b 2619102742
|c 2-0429.376
|l MZK
|r Sklad / do 24 hodin
|n 0
|w 000807408
|u 000020
|a 1
|e BOA001
|j MZK50
|s P
|
| 996 |
6 |
|
|b BC-268567
|c PK-0023.264
|l MZK
|r Sklad / do 1 hodiny
|n 0
|w 000807408
|u 000010
|a 1
|e BOA001
|j MZK50
|s P
|